Firepower defination of weapon system held within an infantry rifle platon organization

Saved in:
Bibliographic Details
Main Author: Muhammad Salihin Kezuwani
Corporate Authors: Universiti Pertahanan Nasional Malaysia. Fakulti Kejuruteraan, Universiti Teknologi Malaysia Fakulti Kejuruteraan
Format: Thesis Video
Language:English
Published: Kuala Lumpur Fakulti Kejuruteraan, UPNM/UTM 2008
Series:Projek Sarjana Muda
Final Year Project
Undergraduate Project
Subjects:
Tags: Add Tag
No Tags, Be the first to tag this record!
Call Number :psm SZA .M456 2008

MARC

LEADER 00000cam a2200000 i 4500
001 102031
003 MY-KLNDU
005 20241220040140.0
008 221104 2008 a abm eng
039 9 |a 202211041156  |b VLOAD  |c 201807200959  |d azraai  |c 201704101010  |d faiz  |c 201704071031  |d adaviah  |y 200912221137  |z staff 
040 |a UPNM  |b eng  |c UPNM  |e rda 
090 |a psm SZA  |b .M456 2008 
100 0 |a Muhammad Salihin Kezuwani 
245 1 0 |a Firepower defination of weapon system held within an infantry rifle platon organization  |c Muhammad Salihin Kezuwani 
264 1 |a Kuala Lumpur  |b Fakulti Kejuruteraan, UPNM/UTM  |c 2008 
300 |a xv, 48 pages  |b illustrations  |c 30cm  |e 1CD ROM (4 3/4in.) 
336 |a text  |2 rdacontent  |3 book 
336 |a two-dimensional moving image  |2 rdacontent  |3 CD 
337 |a unmediated  |2 rdamedia  |3 book 
337 |a computer  |2 rdamedia  |3 CD 
338 |a volume  |2 rdacarrier  |3 book 
338 |a computer disc  |2 rdacarrier  |3 CD 
490 1 |a Projek Sarjana Muda 
490 1 |a Final Year Project 
490 1 |a Undergraduate Project 
500 |a This PSM is accompanied bt 1 CD-ROM and available at circulation counter 
502 |a Projek Sarjana Muda  |b Sarjana Muda Kejuruteraan Mekanikal (Automotif) 
502 |a Final Year Project  |b Bachelor of Mechanical Engineering (Automative) 
502 |a Undergraduate Project  |b Bachelor of Mechanical Engineering (Automative) 
504 0 |a Includes bibliographical references 
592 |b 8/10/2009  |c Hadiah & Sumbangan  |h UPNM/UTM 
655 |a Sarjana Muda Kejuruteraan Mekanikal (Automotif) 
655 |a Bachelor of Mechanical Engineering (Automative) 
710 2 |a Universiti Pertahanan Nasional Malaysia.  |b Fakulti Kejuruteraan 
710 2 |a Universiti Teknologi Malaysia  |b Fakulti Kejuruteraan 
830 0 |a Projek Sarjana Muda 
830 0 |a Final Year Project 
830 0 |a Undergraduate Project 
999 |a vtls000040075  |c 102031  |d 102031